| 000 | 00897nam a2200229 i 4500 | ||
|---|---|---|---|
| 001 | 39482 | ||
| 003 | ES-MaACL | ||
| 005 | 20251014063106.0 | ||
| 007 | t| | ||
| 008 | 030303s1873 sp ||||1| spa d | ||
| 100 | 1 |
_aCanella y Secades, Fermín, _d1849-1924 _934478 |
|
| 245 | 1 | 0 |
_aHistoria de la Universidad de Oviedo y noticias de los establecimientos de enseñanza de su distrito / _cFermín Canella y Secades. |
| 260 |
_aOviedo : _bEduardo Uria, _c1873. |
||
| 300 |
_a509 p. ; _c22 cm. |
||
| 530 | _aDisponible en formato digital. | ||
| 610 | 2 | 4 |
_aUniversidad de Oviedo- _vHistoria. _9166856 |
| 650 | 4 |
_aCentros docentes- _zAsturias (Comunidad Autónoma) _9151690 |
|
| 650 | 4 |
_aCentros docentes- _zLeón (Provincia) _9151691 |
|
| 852 |
_aES-MaACL _jD-2297 |
||
| 856 |
_uhttp://bdh-rd.bne.es/viewer.vm?id=0000190948&page=1 _zBiblioteca Digital Hispánica |
||
| 999 |
_c39482 _d39482 |
||